<?xml version="1.0" encoding="UTF-8"?>
<record
    xmlns:xsi="http://www.w3.org/2001/XMLSchema-instance"
    xsi:schemaLocation="http://www.loc.gov/MARC21/slim http://www.loc.gov/standards/marcxml/schema/MARC21slim.xsd"
    xmlns="http://www.loc.gov/MARC21/slim">

  <leader>01884cam a22002774a 4500</leader>
  <controlfield tag="001">16877055</controlfield>
  <controlfield tag="003">NUST - PNEC</controlfield>
  <controlfield tag="005">20170116181200.0</controlfield>
  <controlfield tag="008">110718s2012    nyua          001 0 eng  </controlfield>
  <datafield tag="010" ind1=" " ind2=" ">
    <subfield code="a">  2011025431</subfield>
  </datafield>
  <datafield tag="016" ind1="7" ind2=" ">
    <subfield code="a">015836405</subfield>
  </datafield>
  <datafield tag="020" ind1=" " ind2=" ">
    <subfield code="a">9780071770163 (pbk.)</subfield>
  </datafield>
  <datafield tag="020" ind1=" " ind2=" ">
    <subfield code="a">007177016X (pbk.)</subfield>
  </datafield>
  <datafield tag="040" ind1=" " ind2=" ">
    <subfield code="c">LIBRARY</subfield>
  </datafield>
  <datafield tag="082" ind1="0" ind2="0">
    <subfield code="a">621.3192</subfield>
  </datafield>
  <datafield tag="100" ind1="1" ind2=" ">
    <subfield code="a">Fowler, Nick.</subfield>
  </datafield>
  <datafield tag="245" ind1="1" ind2="0">
    <subfield code="a">Electrician's calculations manual </subfield>
    <subfield code="c">Nick Fowler</subfield>
  </datafield>
  <datafield tag="250" ind1=" " ind2=" ">
    <subfield code="a">2nd ed.</subfield>
  </datafield>
  <datafield tag="260" ind1=" " ind2=" ">
    <subfield code="a">New York :</subfield>
    <subfield code="b">McGraw-Hill,</subfield>
    <subfield code="c">c2012.</subfield>
  </datafield>
  <datafield tag="300" ind1=" " ind2=" ">
    <subfield code="a">x, 259 p. :</subfield>
    <subfield code="b">ill. ;</subfield>
    <subfield code="c">23 cm.</subfield>
  </datafield>
  <datafield tag="520" ind1=" " ind2=" ">
    <subfield code="a">"THE ULTIMATE ON-THE-JOB COMPANION--FULLY UPDATEDThoroughly revised to reflect the 2011 National Electrical Code (NEC) and the latest industry advances, Electrician's Calculations Manual, Second Edition gives you quick access to the basic calculations needed for any given job. The book also serves as an ideal review for license preparation. End-of-chapter questions plus an end-of-book final test help reinforce the material covered. Written by a Master Electrician with more than 40 years of experience, this practical guide helps you: Find answers for both AC and DC circuits Solve problems related to motor circuits and transformers Calculate single-dwelling and multifamily loads Accurately figure requirements for commercial jobs Perform conduit-bending math Handle service entrance problems Understand the math behind electrical solutions And much more "--</subfield>
  </datafield>
  <datafield tag="520" ind1=" " ind2=" ">
    <subfield code="a">"This handy book is the perfect go-to toolbox companion for quick access to the formulas and examples that electricians need to solve on-the-job problems"--</subfield>
  </datafield>
  <datafield tag="650" ind1=" " ind2="0">
    <subfield code="a">Electrical engineering</subfield>
    <subfield code="v">Problems, exercises, etc.</subfield>
    <subfield code="x">EE / EL</subfield>
  </datafield>
  <datafield tag="856" ind1=" " ind2=" ">
    <subfield code="u">http://www.amazon.com/Electricians-Calculations-Manual-Second-Fowler/dp/007177016X/ref=sr_1_1?ie=UTF8&amp;qid=1454998440&amp;sr=8-1&amp;keywords=9780071770163</subfield>
  </datafield>
  <datafield tag="942" ind1=" " ind2=" ">
    <subfield code="2">ddc</subfield>
    <subfield code="c">BK</subfield>
  </datafield>
  <datafield tag="999" ind1=" " ind2=" ">
    <subfield code="c">71418</subfield>
    <subfield code="d">71418</subfield>
  </datafield>
  <datafield tag="952" ind1=" " ind2=" ">
    <subfield code="0">0</subfield>
    <subfield code="1">0</subfield>
    <subfield code="2">ddc</subfield>
    <subfield code="4">0</subfield>
    <subfield code="7">0</subfield>
    <subfield code="a">PNEC</subfield>
    <subfield code="b">PNEC</subfield>
    <subfield code="c">WING-A</subfield>
    <subfield code="d">2004-12-15</subfield>
    <subfield code="e">Reference Grant</subfield>
    <subfield code="g">2505.43</subfield>
    <subfield code="l">0</subfield>
    <subfield code="o">621.3192 FOW</subfield>
    <subfield code="p">PNECLIB-032427</subfield>
    <subfield code="r">2016-02-09</subfield>
    <subfield code="v">2505.43</subfield>
    <subfield code="w">2004-12-15</subfield>
    <subfield code="y">BK</subfield>
  </datafield>
</record>
